CO ZAWIERA DUŻO WITAMINY C? - Statystyki

Ogólne statystyki
  • Ten quiz został rozwiązany 135 razy
  • Średni wynik to 2 z 5
Statystyki odpowiedzi
Odpowiedź % Poprawnych
CYTRYNA
97%
PAPRYKA
30%
POMIDOR
19%
POMARAŃCZE
16%
KISZONA KAPUSTA
8%
Nie znaleziono quizów pasujących do podanych kryteriów
Rozkład punktacji
Procent ludzi z każdym wynikiem
Percentyl według liczby udzielonych odpowiedzi
Twoja historia wyników
Nie rozwiązałeś tego quizu